Les qualifiés en Ligue Europa 2025/2026 - Statistiques

Statistiques générales
  • Ce quiz a été pris 53 fois
  • Le résultat moyen est 22 sur 36
Statistiques - réponses
Pays Club % Correct
France OGC Nice
93%
Olympique Lyonnais
93%
LOSC Lille
91%
Aston Villa
88%
Italie AS Roma
84%
Pays-Bas Feyenoord Rotterdam
79%
Espagne Real Bétis Séville
79%
Écosse Celtic Glasgow
74%
Portugal FC Porto
74%
Suisse FC Bâle
70%
Rangers Glasgow
70%
Croatie Dinamo Zagreb
67%
Turquie Fenerbahçe
67%
SC Fribourg
67%
Bologne FC
65%
Angleterre Nottingham Forest
65%
Young Boys de Berne
65%
Serbie Étoile Rouge de Belgrade
63%
Roumanie FC Steaua Bucarest
63%
Israël Maccabi Tel-Aviv
63%
Panathinaïkos
56%
FC Utrecht
53%
Hongrie Férencvaros TC
53%
Suède Malmö FF
53%
Allemagne VfB Stuttgart
53%
Go Ahead Eagles
51%
Autriche SK Sturm Graz
51%
Bulgarie Ludogorets Razgrad
49%
Grèce PAOK Thessalonique
49%
RB Salzbourg
49%
Celta Vigo
47%
Belgique KRC Genk
47%
Danemark FC Midtjylland
33%
Norvège SK Brann
33%
République Tchèque Viktoria Plzeň
28%
SL Benfica
19%
Aucun quiz correspondant
Distribution des résultats
% des personnes avec chaque résultat
Percentile par nombre de réponses
Votre historique - résultats
Vous n’avez pas pris ce quiz